[Event "Indonesia Open 2013"]
[Site "Jakarta INA"]
[Date "2013.10.13"]
[Round "5.10"]
[White "Grigoryan, Avetik"]
[Black "Stefanova, Antoaneta"]
[Result "1/2-1/2"]
[WhiteTitle "GM"]
[BlackTitle "GM"]
[WhiteElo "2577"]
[BlackElo "2496"]
[WhiteFideId "13302191"]
[BlackFideId "2902257"]
[EventDate "2013.10.10"]

1. e4 e5 2. Nf3 Nc6 3. Bb5 Nge7 4. Nc3 a6 5. Bc4 Ng6 6. d3 h6 7. h4 Bc5 8. h5
Nf8 9. a3 d6 10. Nd5 Bg4 11. c3 Nh7 12. Be3 Nf6 13. Nxf6+ Qxf6 14. Qe2 Nd8 15.
Bxc5 dxc5 16. Qe3 b6 17. b4 b5 18. Bd5 c6 19. Bb3 cxb4 20. axb4 O-O 21. Nd2 Qd6
22. Qg3 Qd7 23. Bc2 f6 24. Nb3 Nb7 25. Qe3 Qc7 26. f3 Be6 27. Na5 Nd8 28. Kd2
Bf7 29. Bb3 Bxb3 30. Nxb3 Ne6 31. Ra5 Qf7 32. Kc2 f5 33. exf5 Qxf5 34. Re1 Nf4
35. g4 Qf7 36. Qe4 Nd5 37. Nc5 Qxf3 38. Qxf3 Rxf3 39. Rxe5 Ne3+ 40. Kb3 Nxg4 41.
Re6 Rf6 42. Re7 Rf7 43. Re6 Rf6 44. Re4 Nf2 45. Re3 Rf5 46. Nxa6 Rxh5 47. Nc5 1/2-1/2

[Event "Indonesia Open 2013"]
[Site "Jakarta INA"]
[Date "2013.10.13"]
[Round "5.11"]
[White "Mareco, Sandro"]
[Black "Purnama, Tirta Chandra"]
[Result "1-0"]
[WhiteTitle "GM"]
[BlackTitle "IM"]
[WhiteElo "2565"]
[BlackElo "2382"]
[WhiteFideId "112275"]
[BlackFideId "7101422"]
[EventDate "2013.10.10"]

1. d4 Nf6 2. c4 g6 3. Nc3 Bg7 4. e4 d6 5. Nf3 O-O 6. Be2 e5 7. O-O exd4 8. Nxd4
Re8 9. f3 c6 10. Kh1 Nh5 11. g4 Nf6 12. Be3 Na6 13. Qd2 h5 14. g5 Nd7 15. Rad1
Nb6 16. Rfe1 Bh3 17. Nb3 Be5 18. a3 Qe7 19. Bd3 Rad8 20. Na5 Nc5 21. Bc2 Qe6 22.
b3 Rd7 23. Ne2 Qe7 24. Ng1 Be6 25. f4 Bg4 26. fxe5 dxe5 27. Qb4 Bxd1 28. Bxc5
Qd8 1-0

[Event "Indonesia Open 2013"]
[Site "Jakarta INA"]
[Date "2013.10.13"]
[Round "5.12"]
[White "Novita, Anjas"]
[Black "Barbosa, Oliver"]
[Result "0-1"]
[WhiteTitle "FM"]
[BlackTitle "GM"]
[WhiteElo "2328"]
[BlackElo "2567"]
[WhiteFideId "7100949"]
[BlackFideId "5201640"]
[EventDate "2013.10.10"]

1. e4 c6 2. d4 d5 3. Nc3 dxe4 4. Nxe4 Nd7 5. Nf3 Ngf6 6. Ng3 e6 7. Bd3 c5 8. O-O
Be7 9. dxc5 Nxc5 10. Bb5+ Bd7 11. Bxd7+ Qxd7 12. Qxd7+ Ncxd7 13. c4 O-O 14. b3
a5 15. a4 Nc5 16. Ba3 Rfd8 17. Bxc5 Bxc5 18. Rfd1 Bb4 19. Kf1 Nd7 20. Ne4 f5 21.
Nd6 Nc5 22. Rab1 Kf8 23. Nb5 Ke7 24. Rd4 Rxd4 25. Nfxd4 Rd8 26. f4 Ne4 27. Nf3
Nd2+ 28. Nxd2 Rxd2 29. Re1 Rd3 30. Rb1 h6 31. Rb2 Bc5 32. g3 g5 33. Kg2 gxf4 34.
gxf4 Be3 35. b4 axb4 36. Rxb4 Bxf4 37. Na7 Rd7 38. c5 Be3 39. c6 bxc6 40. Nxc6+
Kd6 41. Na5 Ra7 42. Nb3 e5 43. a5 e4 44. Ra4 Kd5 45. Na1 f4 46. Nc2 f3+ 47. Kh3
Bc5 48. Ra1 Rg7 49. a6 f2 0-1

[Event "Indonesia Open 2013"]
[Site "Jakarta INA"]
[Date "2013.10.13"]
[Round "5.15"]
[White "Megaranto, Susanto"]
[Black "Munkhgal, Gombosuren"]
[Result "1/2-1/2"]
[WhiteTitle "GM"]
[BlackTitle "IM"]
[WhiteElo "2528"]
[BlackElo "2400"]
[WhiteFideId "7101384"]
[BlackFideId "4901266"]
[EventDate "2013.10.10"]

1. Nf3 Nf6 2. d4 e6 3. c4 d5 4. e3 Bb4+ 5. Bd2 Bxd2+ 6. Nbxd2 O-O 7. Rc1 Nbd7 8.
Bd3 c6 9. O-O Qe7 10. e4 dxe4 11. Nxe4 Nxe4 12. Bxe4 e5 13. dxe5 Nxe5 14. Re1
Nxf3+ 15. Qxf3 Qc5 16. Qd3 h6 17. Qc3 Be6 18. b4 Qg5 19. Re3 Qf6 20. Qxf6 gxf6
21. b5 cxb5 22. cxb5 Rac8 23. Rg3+ Kh8 24. Rgc3 Rxc3 25. Rxc3 Rc8 26. Rxc8+ Bxc8
27. f4 f5 28. Bd5 Kg7 29. Kf2 Kf6 30. Ke3 b6 31. Kd4 Ke7 32. g3 f6 33. a3 Kd6
34. Bc4 Bd7 35. Bf1 Be6 36. Bd3 Bd7 1/2-1/2

[Event "Indonesia Open 2013"]
[Site "Jakarta INA"]
[Date "2013.10.13"]
[Round "5.16"]
[White "Cherniaev, Alexander"]
[Black "Gopal, G.N."]
[Result "0-1"]
[WhiteTitle "GM"]
[BlackTitle "GM"]
[WhiteElo "2415"]
[BlackElo "2527"]
[WhiteFideId "4117301"]
[BlackFideId "5015693"]
[EventDate "2013.10.10"]

1. Nf3 Nf6 2. c4 c5 3. Nc3 d5 4. cxd5 Nxd5 5. e4 Nb4 6. Bc4 Be6 7. Bxe6 Nd3+ 8.
Kf1 fxe6 9. Ne1 Nc6 10. Nxd3 Qxd3+ 11. Kg1 g6 12. h4 Bg7 13. Rh3 Qd7 14. d3
O-O-O 15. Be3 b6 16. Qb3 Bd4 17. Rd1 Rhf8 18. Bxd4 Nxd4 19. Qc4 Kb7 20. Rd2 Qc7
21. Ne2 Qe5 22. Nxd4 Rxd4 23. Qc3 Qd6 24. Re2 e5 25. Ree3 Qe6 26. a3 Rc8 27. Re1
Qf6 28. Qc2 Rcd8 29. Ree3 Qe6 30. Re1 a5 31. Qc3 Qf6 32. Qb3 h6 33. Qc3 g5 34.
Rf3 Qe6 35. hxg5 hxg5 36. Qc2 Rh8 37. Rg3 g4 38. Qc1 Rh5 39. Kf1 c4 40. dxc4
Rxc4 41. Rc3 Rh1+ 42. Ke2 Rxe4+ 43. Re3 Rxe3+ 44. Qxe3 Qc4+ 45. Kd2 Qd5+ 46. Kc2
Rxe1 47. Qxe1 Qxg2 48. Kb1 Qd5 49. Qe2 Qd4 50. Qb5 Kc7 51. Qe8 Kd6 52. Qd8+ Ke6
53. Qc8+ Kf6 54. Qf8+ Ke6 55. Qc8+ Qd7 56. Qb8 Qd1+ 57. Ka2 Qd5+ 58. Ka1 Qc5 59.
Qg8+ Kf5 60. Qh7+ Kf6 61. Qh8+ Kf5 62. Qh5+ Kf4 63. Qf7+ Ke4 64. Qg6+ Kd5 65.
Qf7+ Kd4 66. Qe6 Ke4 0-1

[Event "Indonesia Open 2013"]
[Site "Jakarta INA"]
[Date "2013.10.13"]
[Round "5.17"]
[White "Gomez, John Paul"]
[Black "Bersamina, Paulo"]
[Result "1-0"]
[WhiteTitle "GM"]
[BlackTitle "FM"]
[WhiteElo "2511"]
[BlackElo "2310"]
[WhiteFideId "5201381"]
[BlackFideId "5206995"]
[EventDate "2013.10.10"]

1. e4 e5 2. Nf3 Nc6 3. d4 exd4 4. Nxd4 Qh4 5. Nb5 Bc5 6. Qe2 Nd4 7. Nxd4 Bxd4 8.
Nd2 Qe7 9. c3 Bf6 10. g3 d6 11. Bg2 Bd7 12. O-O O-O-O 13. Re1 h5 14. Nb3 h4 15.
Be3 hxg3 16. hxg3 Kb8 17. f4 Bh3 18. Bf3 g5 19. e5 gxf4 20. Bxf4 Bxe5 21. Qb5 c6
22. Bxc6 a6 23. Qb4 f6 24. Na5 Bc8 25. Bg2 Ka8 26. Qb6 d5 27. Rxe5 fxe5 28. Be3
d4 29. Qxa6+ Kb8 30. Qb5 Ka7 31. cxd4 exd4 32. Bg5 Nf6 33. Qa4 Kb8 34. Bf4+ Rd6
35. Qb4 Kc7 36. Nxb7 Ne8 37. Rc1+ Kd7 38. Qb5+ 1-0

[Event "Indonesia Open 2013"]
[Site "Jakarta INA"]
[Date "2013.10.13"]
[Round "5.19"]
[White "Saduakassova, Dinara"]
[Black "Nguyen, Duc Hoa"]
[Result "1/2-1/2"]
[WhiteTitle "WGM"]
[BlackTitle "IM"]
[WhiteElo "2335"]
[BlackElo "2486"]
[WhiteFideId "13700090"]
[BlackFideId "12401358"]
[EventDate "2013.10.10"]

1. d4 Nf6 2. c4 g6 3. Nc3 d5 4. Bf4 Bg7 5. e3 O-O 6. Rc1 c5 7. dxc5 Be6 8. Nf3
Nc6 9. Be2 Ne4 10. O-O Bxc3 11. bxc3 dxc4 12. Nd4 Nxc5 13. Bh6 Re8 14. Nxe6 Nxe6
15. Bxc4 Qxd1 16. Rfxd1 Red8 17. e4 Na5 18. Be2 Rxd1+ 19. Rxd1 Rd8 20. Rxd8+
Nxd8 21. Be3 b6 22. f4 f6 23. Kf2 Kf7 24. h4 Ndb7 25. Kf3 e5 26. g4 Nd6 27. f5
Nab7 28. Bd1 Nc5 29. fxg6+ Kxg6 30. Bc2 Nb5 31. Bd2 Na3 32. Bb3 Nb1 33. h5+ Kg7
34. Be1 Nd3 35. Bh4 Nxc3 36. h6+ Kg6 37. Be6 Nf4 38. Bf5+ Kf7 39. Bxh7 Ne6 40.
Bf5 Ng5+ 41. Ke3 Kf8 42. a3 Nb5 43. Be1 Kf7 44. a4 Nd6 45. Bb4 Nxf5+ 46. gxf5 a6
47. Bd6 b5 48. a5 Kg8 49. Be7 Kf7 50. Bd6 Nh7 51. Kd3 Nf8 52. Ba3 Nd7 53. Kc3
Nb8 54. Be7 Nc6 55. h7 Kg7 56. Bxf6+ Kxh7 57. Bh4 Nxa5 58. Kb4 Nc4 59. Kc5 Kg8
60. Kd5 Kf7 61. Bg3 Kf6 62. Bh4+ Kf7 63. Bg3 a5 64. Bxe5 Nxe5 65. Kxe5 a4 66.
Kd4 b4 67. Kc4 a3 68. Kb3 Kf6 69. Ka2 Ke5 70. Kb3 Kf6 1/2-1/2

[Event "Indonesia Open 2013"]
[Site "Jakarta INA"]
[Date "2013.10.13"]
[Round "5.20"]
[White "Nolte, Rolando"]
[Black "Situru, Muhammad Ivan"]
[Result "1-0"]
[WhiteTitle "IM"]
[BlackTitle "IM"]
[WhiteElo "2447"]
[BlackElo "2290"]
[WhiteFideId "5200636"]
[BlackFideId "7100426"]
[EventDate "2013.10.10"]

1. e4 c5 2. Nf3 Nc6 3. d4 cxd4 4. Nxd4 g6 5. Nc3 Bg7 6. Be3 Nf6 7. Bc4 Qa5 8.
O-O Qb4 9. Bb3 Nxe4 10. Nxc6 bxc6 11. a3 Nxc3 12. Qf3 Qxb3 13. cxb3 Nd5 14. Rad1
O-O 15. Rxd5 cxd5 16. Qxd5 Ba6 17. Re1 e6 18. Qd6 Bb5 19. Bd4 Rfc8 20. Bxg7 Kxg7
21. Qe5+ 1-0

[Event "Indonesia Open 2013"]
[Site "Jakarta INA"]
[Date "2013.10.13"]
[Round "5.21"]
[White "Senador, Emmanuel"]
[Black "Paehtz, Elisabeth"]
[Result "0-1"]
[WhiteTitle "IM"]
[BlackTitle "IM"]
[WhiteElo "2323"]
[BlackElo "2440"]
[WhiteFideId "5200601"]
[BlackFideId "4641833"]
[EventDate "2013.10.10"]

1. e4 e6 2. d4 d5 3. Nc3 Bb4 4. exd5 exd5 5. Bd3 Nc6 6. Ne2 Nge7 7. O-O Bg4 8.
a3 Bxc3 9. bxc3 Qd7 10. Rb1 b6 11. f3 Bf5 12. c4 dxc4 13. Bxc4 O-O 14. d5 Na5
15. Ba2 Rad8 16. Nf4 Qd6 17. Rb4 c5 18. Rb5 a6 19. Rb2 c4 20. Qd4 b5 21. Rd1
Nac6 22. Qc3 Qe5 23. Qxe5 Nxe5 24. Bd2 Nxd5 25. Ba5 Nxf4 26. Rxd8 Rxd8 27. Bxd8
Ne2+ 28. Kf1 Nc3 29. Ba5 Nd1 30. Rb1 Bxc2 31. Ra1 Ne3+ 32. Kf2 Nd5 33. Bb1 Nd3+
34. Ke2 Nc1+ 35. Kf2 Nb3 36. Bxc2 Nxa1 37. Be4 Nb3 38. Be1 Nf4 39. g3 Ne6 40.
Ke3 Nec5 41. Bc6 Kf8 42. Bb4 Ke7 0-1

[Event "Indonesia Open 2013"]
[Site "Jakarta INA"]
[Date "2013.10.13"]
[Round "5.22"]
[White "Smirnov, Anton"]
[Black "Salem, A.R. Saleh"]
[Result "0-1"]
[WhiteTitle "FM"]
[BlackTitle "GM"]
[WhiteElo "2306"]
[BlackElo "2567"]
[WhiteFideId "3208923"]
[BlackFideId "9301348"]
[EventDate "2013.10.10"]

1. e4 c5 2. Nf3 d6 3. d4 cxd4 4. Nxd4 Nf6 5. Nc3 g6 6. Be3 Bg7 7. f3 O-O 8. Bc4
Nc6 9. Qd2 Bd7 10. Bb3 Na5 11. O-O-O Rb8 12. Nd5 Nxd5 13. exd5 b5 14. h4 Nc4 15.
Bxc4 bxc4 16. h5 c3 17. Qxc3 Qb6 18. Qa3 Rfc8 19. c3 Rc4 20. hxg6 fxg6 21. Nf5
Bxc3 22. Nh6+ Kf8 23. Bxb6 Bb4+ 24. Kb1 Bxa3 25. Bd4 Rxd4 26. Rxd4 Bxb2 27. Rf4+
Bf6+ 28. Kc1 Kg7 29. Re4 Rb5 30. Ng4 Bg5+ 31. f4 Bf5 32. Rhe1 Bxe4 33. Rxe4 Rc5+
34. Kb1 Bf6 35. Ne3 h5 36. Ra4 Rc3 37. Re4 Kf7 38. a4 g5 39. fxg5 Bxg5 40. Nc2
Rd3 41. Rd4 Rg3 42. Ne1 Bf6 43. Rb4 Bc3 44. Rf4+ Ke8 45. Nf3 Rxg2 46. Rf5 Rf2
47. Kc1 Bf6 48. Kd1 h4 49. Ke1 Ra2 50. Rh5 Rxa4 0-1

[Event "Indonesia Open 2013"]
[Site "Jakarta INA"]
[Date "2013.10.13"]
[Round "5.23"]
[White "Dao, Thien Hai"]
[Black "Tirto"]
[Result "1-0"]
[WhiteTitle "GM"]
[BlackTitle "IM"]
[WhiteElo "2500"]
[BlackElo "2328"]
[WhiteFideId "12400084"]
[BlackFideId "7101058"]
[EventDate "2013.10.10"]

1. d4 Nf6 2. c4 e6 3. Nf3 d5 4. Nc3 Be7 5. Bg5 h6 6. Bh4 O-O 7. e3 b6 8. Qc2 Bb7
9. Rd1 Ne4 10. Bg3 Bd6 11. Bd3 Nxc3 12. bxc3 Nd7 13. O-O Bxg3 14. hxg3 Nf6 15.
cxd5 exd5 16. c4 Qe7 17. c5 c6 18. Rb1 Nd7 19. Bh7+ Kh8 20. Bf5 Ba6 21. Rfc1 b5
22. Re1 Nf6 23. Ne5 Qc7 24. g4 Bc8 25. f3 Bxf5 26. Qxf5 Qc8 27. Qxc8 Raxc8 28.
a4 a6 29. Ra1 Rc7 30. axb5 axb5 31. Ra6 Rfc8 32. Rea1 Ng8 33. Ra7 f6 34. Nf7+
Kh7 35. Nd6 Rxa7 36. Rxa7 Rb8 37. Nf5 b4 38. Rxg7+ Kh8 39. Ra7 b3 40. Ra1 b2 41.
Rb1 Kh7 42. Kf2 Kg6 43. Ng3 Ne7 44. Ne2 Rb3 45. Nf4+ Kg5 46. Ke2 f5 47. gxf5
Nxf5 48. Nd3 Nh4 49. Rxb2 Rxb2+ 50. Nxb2 Nxg2 51. Nd3 h5 52. Kf2 Nh4 53. Ne5 Nf5
54. Nxc6 h4 55. Ne5 h3 56. Ng4 Kh4 57. c6 Ne7 58. c7 Nc8 59. Nf6 1-0

[Event "Indonesia Open 2013"]
[Site "Jakarta INA"]
[Date "2013.10.13"]
[Round "5.24"]
[White "Khamrakulov, Djurabek"]
[Black "Bilguun, Sumiya"]
[Result "1-0"]
[WhiteTitle "IM"]
[BlackTitle "FM"]
[WhiteElo "2442"]
[BlackElo "2284"]
[WhiteFideId "14201143"]
[BlackFideId "4901541"]
[EventDate "2013.10.10"]

1. d4 d5 2. c4 e6 3. Nc3 c6 4. cxd5 exd5 5. Qc2 Nf6 6. Bg5 Be7 7. e3 O-O 8. Bd3
Nbd7 9. Nge2 Re8 10. O-O h6 11. Bf4 Bf8 12. h3 b6 13. a3 Bb7 14. b4 b5 15. a4 a6
16. Rab1 Nb6 17. axb5 cxb5 18. Nxb5 Rc8 19. Nbc3 Nc4 20. Qa2 g5 21. Bg3 Bd6 22.
Na4 Ne4 23. Bxd6 Nexd6 24. Nc5 Qe7 25. Ng3 Ra8 26. e4 Bc8 27. e5 Nb5 28. Bxc4
dxc4 29. Nce4 Rd8 30. Nf6+ Kf8 31. Qc2 Nxd4 32. Qh7 Qb7 33. Qxh6+ Ke7 34. Rbd1
Nf5 35. Ng8+ 1-0

[Event "Indonesia Open 2013"]
[Site "Jakarta INA"]
[Date "2013.10.13"]
[Round "5.25"]
[White "Medina, Warda Aulia"]
[Black "Bitoon, Richard"]
[Result "1/2-1/2"]
[WhiteTitle "WIM"]
[BlackTitle "GM"]
[WhiteElo "2319"]
[BlackElo "2407"]
[WhiteFideId "7101570"]
[BlackFideId "5201110"]
[EventDate "2013.10.10"]

1. e4 c5 2. Nf3 Nc6 3. d4 cxd4 4. Nxd4 Qb6 5. Nb3 Nf6 6. Nc3 e6 7. Bd3 Be7 8.
Be3 Qc7 9. f4 d6 10. Qf3 a6 11. a4 O-O 12. O-O Re8 13. Kh1 Nd7 14. Qg3 b6 15.
Nd4 Bb7 16. Rae1 Nxd4 17. Bxd4 e5 18. fxe5 dxe5 19. Nd5 Qd6 20. Nxe7+ Rxe7 21.
Be3 Qg6 22. Qf3 Qd6 23. Qg3 Qg6 24. Qf3 Qd6 25. Qg3 Qg6 26. Qf3 Qd6 27. Qg3 Qg6
28. Qf3 Qd6 29. Qg3 Qg6 30. Qf3 Qd6 31. Qg3 1/2-1/2

[Event "Indonesia Open 2013"]
[Site "Jakarta INA"]
[Date "2013.10.13"]
[Round "5.26"]
[White "Emperado, Emmanuel"]
[Black "Irwanto, Sadikin"]
[Result "1-0"]
[BlackTitle "IM"]
[WhiteElo "2297"]
[BlackElo "2407"]
[WhiteFideId "5209960"]
[BlackFideId "7100590"]
[EventDate "2013.10.10"]

1. e4 e5 2. Nf3 Nc6 3. d4 exd4 4. Nxd4 Nf6 5. Nxc6 bxc6 6. e5 Qe7 7. Qe2 Nd5 8.
c4 Ba6 9. Nd2 O-O-O 10. Qe4 Nb6 11. b3 Bb7 12. Bb2 d6 13. O-O-O dxe5 14. Qxe5
Qxe5 15. Bxe5 f6 16. Bc3 c5 17. Kc2 Nd7 18. f3 Bd6 19. Bd3 Ne5 20. Bxe5 Bxe5 21.
Be4 c6 22. h4 Kc7 23. h5 Bc8 24. g4 Rdf8 25. Bf5 Bd4 26. Rde1 Bxf5+ 27. gxf5 Re8
28. Kd3 a5 29. Re4 Rxe4 30. fxe4 h6 31. Nf3 Rd8 32. Nxd4 Rxd4+ 33. Ke3 Rd7 34.
Rh2 Re7 35. Rd2 Re5 36. Kf4 Re7 37. Ke3 Re5 38. Kf4 Re7 39. Re2 Kd6 40. Rg2 Kd7
41. e5 fxe5+ 42. Ke4 Kc7 43. Rg6 Kb6 44. Re6 Rd7 45. Kxe5 Rd2 46. Rg6 Re2+ 47.
Kd6 a4 48. Rxg7 a3 49. f6 Rxa2 50. f7 Rf2 51. Ke7 Re2+ 52. Kf8 a2 53. Rg1 Ka5
54. Kg8 Rf2 55. f8=Q Rxf8+ 56. Kxf8 Kb4 57. Kg7 Kxb3 58. Kxh6 Kxc4 59. Kg5 1-0

[Event "Indonesia Open 2013"]
[Site "Jakarta INA"]
[Date "2013.10.13"]
[Round "5.27"]
[White "Mohamad, Ervan"]
[Black "Karavade, Eesha"]
[Result "1/2-1/2"]
[BlackTitle "IM"]
[WhiteElo "2260"]
[BlackElo "2400"]
[WhiteFideId "7102135"]
[BlackFideId "5012600"]
[EventDate "2013.10.10"]

1. e4 c5 2. Nf3 d6 3. d4 cxd4 4. Nxd4 Nf6 5. Nc3 a6 6. Be3 e5 7. Nb3 Be6 8. h3
Be7 9. Qf3 O-O 10. O-O-O a5 11. Bb5 Na6 12. Kb1 Nc7 13. Bb6 Nd7 14. Bxd7 Qxd7
15. Bxc7 Qxc7 16. Nd5 Qd8 17. Qd3 Ra6 18. Nd2 Rc6 19. Nc4 Bg5 20. Nce3 Bxe3 21.
Nxe3 Qb6 22. Rd2 Rd8 23. Rhd1 Qc7 24. Qe2 Rc5 25. Nd5 Bxd5 26. Rxd5 Kf8 27. Qd2
Rxd5 28. Qxd5 Ke7 29. Rd3 Qc5 30. Qxc5 dxc5 1/2-1/2

[Event "Indonesia Open 2013"]
[Site "Jakarta INA"]
[Date "2013.10.13"]
[Round "5.28"]
[White "Hakiki, Kaisar Jenius"]
[Black "Barus, Cerdas"]
[Result "0-1"]
[WhiteTitle "FM"]
[BlackTitle "GM"]
[WhiteElo "2299"]
[BlackElo "2396"]
[WhiteFideId "7102097"]
[BlackFideId "7100094"]
[EventDate "2013.10.10"]

1. e4 e5 2. Nf3 Nc6 3. d4 exd4 4. Nxd4 Nf6 5. Nxc6 bxc6 6. Bd3 d5 7. e5 Ng4 8.
O-O Bc5 9. Bf4 f6 10. Qe2 fxe5 11. h3 O-O 12. Bg3 e4 13. Bxe4 Re8 14. Bxh7+ Kxh7
15. Qd3+ Kg8 16. hxg4 Bxg4 17. Nc3 Qg5 18. Bxc7 Re6 19. Na4 Bb4 20. Qg3 Qh5 21.
c3 Bf8 22. Rfe1 Be2 23. f3 Rae8 24. Qh2 Qg6 25. b3 c5 26. Qg3 Qf7 27. Qf4 Qd7
28. Rac1 Qe7 29. Ba5 Bb5 30. Red1 Bc6 31. c4 d4 32. Re1 Bxa4 33. bxa4 Qd7 34.
Kf2 Rxe1 35. Bxe1 Qxa4 36. Qf5 Qxa2+ 37. Rc2 Qa6 38. Qd5+ Qe6 39. Qxe6+ Rxe6 40.
Ra2 a6 41. Ba5 Kf7 42. Re2 Bd6 43. Rxe6 Kxe6 44. Ke2 Kd7 45. Kd3 Bc7 46. Bd2 Ke6
47. Ke4 a5 48. Bc1 a4 49. Ba3 Kd6 50. f4 Ba5 51. Kd3 Be1 52. g4 Bf2 53. g5 Be3
54. Ke4 Bd2 55. g6 Be3 56. Bb2 Bf2 57. Bc1 Ke6 58. f5+ Ke7 59. Kd5 Kf6 60. Kxc5 0-1

[Event "Indonesia Open 2013"]
[Site "Jakarta INA"]
[Date "2013.10.13"]
[Round "5.29"]
[White "Gunawan, Ronny"]
[Black "Teh, Eu Wen Aron"]
[Result "1/2-1/2"]
[WhiteTitle "IM"]
[WhiteElo "2395"]
[BlackElo "2254"]
[WhiteFideId "7100035"]
[BlackFideId "5704723"]
[EventDate "2013.10.10"]

1. b4 e5 2. Bb2 Bxb4 3. Bxe5 Nf6 4. Nf3 O-O 5. c4 Nc6 6. Bb2 Re8 7. a3 Ba5 8. e3
d5 9. cxd5 Nxd5 10. Be2 Bg4 11. O-O Qd7 12. Nd4 Bxe2 13. Nxe2 Ne5 14. Qc2 Qb5
15. d4 Nc4 16. Bc1 Nd6 17. Ra2 Bb6 18. a4 Qa6 19. Qb3 c6 20. Nbc3 Nxc3 21. Nxc3
Qd3 22. Qc2 Qc4 23. Ba3 Rad8 24. Ne2 Qd5 25. Nf4 Qg5 26. a5 Bc7 27. Nh3 Qf5 28.
Bxd6 Qxc2 29. Rxc2 Rxd6 30. Rb1 Rb8 31. Rcb2 Rd7 32. a6 b5 33. Ng5 Rb6 34. Ne4
Re7 35. Nc5 Bd6 36. Ra2 Bxc5 37. dxc5 Rb8 38. Rd2 Kf8 39. Rb4 Ke8 40. e4 Rd8 41.
Rxd8+ Kxd8 42. f4 Rd7 43. Kf2 Rd2+ 44. Kf3 Ra2 45. Rd4+ Kc7 46. e5 Rxa6 47. f5
Ra4 48. Rd1 a5 49. e6 Ra3+ 50. Ke4 Ra4+ 51. Kf3 Ra3+ 1/2-1/2

[Event "Indonesia Open 2013"]
[Site "Jakarta INA"]
[Date "2013.10.13"]
[Round "5.30"]
[White "Lorparizangeneh, Shahin"]
[Black "Farid, Firman Syah"]
[Result "1/2-1/2"]
[WhiteTitle "FM"]
[BlackTitle "IM"]
[WhiteElo "2249"]
[BlackElo "2392"]
[WhiteFideId "12521604"]
[BlackFideId "7102526"]
[EventDate "2013.10.10"]

1. d4 Nf6 2. c4 e6 3. Nc3 Bb4 4. Qc2 d6 5. a3 Bxc3+ 6. Qxc3 Nbd7 7. f3 e5 8. e4
O-O 9. Ne2 Re8 10. d5 a5 11. b4 c6 12. Be3 Nb6 13. Nc1 Bd7 14. Nb3 axb4 15. axb4
Qc7 16. dxc6 Qxc6 17. Na5 Qc7 18. Rc1 Be6 19. Bd3 Rec8 20. Qd2 Nbd7 21. O-O b6
22. Nb3 Ra4 23. Rc2 Nb8 24. Ra1 Rxa1+ 25. Nxa1 Qa7 26. Ra2 Qb7 27. Nc2 Ne8 28.
Na3 Nc6 29. Nb5 Rd8 30. Bf1 Nc7 31. Nxc7 Qxc7 32. Ra6 Rb8 33. Ra1 Ne7 34. Rd1
Rd8 35. c5 bxc5 36. Bxc5 Nc6 37. Bxd6 Qb6+ 38. Qf2 Qxf2+ 39. Kxf2 Nxb4 40. Be2
Nc6 41. Bc5 Rxd1 42. Bxd1 1/2-1/2

[Event "Indonesia Open 2013"]
[Site "Jakarta INA"]
[Date "2013.10.13"]
[Round "5.31"]
[White "Fernandez, Daniel Howard"]
[Black "Manakova, Maria"]
[Result "1-0"]
[WhiteTitle "IM"]
[BlackTitle "WGM"]
[WhiteElo "2389"]
[BlackElo "2320"]
[WhiteFideId "5801605"]
[BlackFideId "927007"]
[EventDate "2013.10.10"]

1. d4 Nf6 2. Nf3 e6 3. c4 b6 4. g3 Ba6 5. Nbd2 d5 6. Bg2 Bd6 7. O-O O-O 8. b3
Bb7 9. Bb2 c5 10. cxd5 exd5 11. Nh4 cxd4 12. Ndf3 Re8 13. Nxd4 Nbd7 14. Nhf5 Bf8
15. Rc1 Nc5 16. Qd2 Nfe4 17. Qf4 Qg5 18. Qxg5 Nxg5 19. Ne3 Nge4 20. Nb5 Rad8 21.
Rfd1 Re7 22. b4 Na4 23. Ba1 a6 24. Nd4 g6 25. Nc6 Bxc6 26. Rxc6 Red7 27. Be5 f5
28. Bc7 Rc8 29. Nxd5 Kf7 30. Bxe4 fxe4 31. Rcc1 b5 32. f3 Nb2 33. Rf1 exf3 34.
Rxf3+ Ke6 35. e4 Rf7 36. Rxf7 Kxf7 37. Rc6 Nd3 38. a3 a5 39. bxa5 Nc5 40. a6 Ra8
41. a7 Nd7 42. e5 Bc5+ 43. Kg2 Bxa7 44. e6+ Ke8 45. exd7+ Kxd7 46. Ra6 Kc8 47.
Bb6 Kb7 1-0

[Event "Indonesia Open 2013"]
[Site "Jakarta INA"]
[Date "2013.10.13"]
[Round "5.32"]
[White "Suyud, Hartoyo"]
[Black "Wahono, Awam"]
[Result "1/2-1/2"]
[BlackTitle "IM"]
[WhiteElo "2226"]
[BlackElo "2376"]
[WhiteFideId "7102704"]
[BlackFideId "7100760"]
[EventDate "2013.10.10"]

1. d4 d5 2. c4 c6 3. cxd5 cxd5 4. Nc3 Nf6 5. Nf3 Nc6 6. Bf4 e6 7. e3 Be7 8. Bd3
O-O 9. O-O Nh5 10. Be5 g6 11. Rc1 f6 12. Bg3 f5 13. Be5 a6 14. Na4 Rf7 15. a3
Bf8 16. Qb3 h6 17. Qb6 Qe7 18. Nc5 g5 19. Bg3 Nxg3 20. hxg3 Qc7 21. Qxc7 Rxc7
22. b4 Bd6 23. Bb1 g4 24. Nd2 b6 25. Nd3 Bb7 26. Nf4 Rac8 27. Bd3 Nb8 28. Rxc7
Rxc7 29. Nb1 Kf7 30. Ne2 Bc8 31. f3 gxf3 32. gxf3 Be7 33. Kf2 Nd7 34. Nbc3 b5
35. e4 Nb6 36. Rh1 Kg7 37. Rh5 Bf6 38. exd5 exd5 39. Bxf5 Bxf5 40. Rxf5 Rxc3 41.
Rxf6 Kxf6 42. Nxc3 Ke6 43. Ke2 h5 44. Kf2 Nc4 45. a4 a5 46. axb5 axb4 47. Na4
Kd6 48. g4 hxg4 49. fxg4 b3 50. g5 b2 51. Nxb2 Nxb2 52. g6 Kc7 53. b6+ 1/2-1/2

[Event "Indonesia Open 2013"]
[Site "Jakarta INA"]
[Date "2013.10.13"]
[Round "5.33"]
[White "Batchimeg, Tuvshintugs"]
[Black "Pitra, Andika"]
[Result "1-0"]
[WhiteTitle "WGM"]
[BlackTitle "FM"]
[WhiteElo "2376"]
[BlackElo "2276"]
[WhiteFideId "4900839"]
[BlackFideId "7103255"]
[EventDate "2013.10.10"]

1. d4 g6 2. Nf3 Bg7 3. c4 Nf6 4. Nc3 O-O 5. e4 d6 6. Bg5 h6 7. Bh4 a6 8. Be2 c5
9. dxc5 Qa5 10. cxd6 Nxe4 11. dxe7 Bxc3+ 12. bxc3 Qxc3+ 13. Kf1 Re8 14. Rc1 Qb2
15. Rc2 Qg7 16. Nd2 Nd6 17. Nb3 Nf5 18. Rd2 Nc6 19. Bf3 Ncxe7 20. Bxe7 Nxe7 21.
Nc5 Qe5 22. Ne4 Be6 23. Nd6 Red8 24. g4 Qf4 25. Kg2 Nc6 26. Re1 Ne5 27. Re4 Qg5
28. Qe2 Nxf3 29. Kxf3 h5 30. h3 hxg4+ 31. hxg4 Qh4 32. Kg2 Kg7 33. Rxe6 fxe6 34.
Qxe6 Rf8 35. Ne4 Rf7 36. Qe5+ Kg8 37. f3 Qe7 38. Qd5 Kg7 39. Qd4+ Kg8 40. Rd1
Raf8 41. Rh1 Rh7 42. Qd5+ Kh8 43. Rd1 Qf7 44. Qd4+ Qg7 45. Qd5 Qb2+ 46. Rd2 Qa1
47. Qd4+ Qxd4 48. Rxd4 Rhf7 49. Rd3 Kg7 50. c5 Rc7 51. Rd6 Re8 52. Kg3 Ree7 53.
Kf4 Rcd7 54. Ke3 Kf7 55. Kd4 Rxd6+ 56. cxd6 Re8 57. Kd5 Rb8 58. Ng5+ Ke8 59. Ke6
Rd8 60. Nf7 Rd7 61. Ne5 Rg7 62. f4 b5 63. f5 gxf5 64. gxf5 Kd8 65. f6 Rh7 66. d7
Kc7 67. Nf7 1-0